000 00239 a2200085 4500
020 _a9786176294320
245 _aМосковська окупація Галичини
260 _bВидавництво "Апріорі"
_c2018
942 _cBK
999 _c442488
_d442488